Pretextos del sentido : (Record no. 184457)

MARC details
000 -CABECERA
campo de control de longitud fija 00691nam a2200217 a 4500
005 - FECHA Y HORA DE LA ÚLTIMA TRANSACCIÓN
campo de control 20231024063704.0
008 - ELEMENTOS DE LONGITUD FIJA--INFORMACIÓN GENERAL
campo de control de longitud fija 160816s2012 mx r 000 0 spa d
020 ## - NÚMERO INTERNACIONAL NORMALIZADO PARA LIBROS
Número Internacional Estándar del Libro 9786074015485
035 ## - NÚMERO DE CONTROL DEL SISTEMA
Número de control de sistema UPN01000212357
049 ## - COLECCIÓN
Colección CG
050 #4 - SIGNATURA TOPOGRÁFICA DE LA BIBLIOTECA DEL CONGRESO
Número de clasificación P90
Número de documento/Ítem G3.6
100 1# - ASIENTO PRINCIPAL--NOMBRE PERSONAL
Nombre de persona Garduño Oropeza, Gustavo Adolfo
9 (RLIN) 39356
245 10 - MENCIÓN DE TÍTULO
Título Pretextos del sentido :
Resto del título aforismos y proposiciones desde la comunicación /
Mención de responsabilidad, etc. Gustavo A. Garduño Oropeza.
260 ## - PUBLICACIÓN, DISTRIBUCIÓN, ETC.
Lugar de publicación, distribución, etc. México :
Nombre del editor, distribuidor, etc. UAEM :
-- Miguel Angel Porrúa,
Fecha de publicación, distribución, etc. 2012.
300 ## - DESCRIPCIÓN FÍSICA
Extensión 77 p.
440 #4 - MENCIÓN DE SERIE/ASIENTO SECUNDARIO--TÍTULO
Título Las ciencias sociales
650 #4 - ASIENTO SECUNDARIO DE MATERIA - TERMINO TEMATICO
Término de materia o nombre geográfico como elemento de entrada COMUNICACION -
Subdivisión general FILOSOFIA
9 (RLIN) 6560
650 #4 - ASIENTO SECUNDARIO DE MATERIA - TERMINO TEMATICO
Término de materia o nombre geográfico como elemento de entrada Filosofía moderna
Subdivisión cronológica Siglo XX
9 (RLIN) 8108
905 ## - TIPO DE MATERIAL
Tipo de material Libro
Holdings
Estado de retiro Estado de pérdida Fuente del sistema de clasificación o colocación Estado dañado No para préstamo Código de colección Localización permanente Ubicación/localización actual Ubicación en estantería Total de préstamos Clasificación Código de barras Fecha visto por última vez Número de copia Tipo de ítem Koha
    Library of Congress Classification     Colección General Bib. Gregorio Torres Quintero Bib. Gregorio Torres Quintero Planta baja   P90 G3.6 312751 31/12/2020 1 Libro
    Library of Congress Classification     Colección General Bib. Gregorio Torres Quintero Bib. Gregorio Torres Quintero Planta baja 1 P90 G3.6 312752 31/12/2020 1 Libro